000 00831nam a2200241 a 4500
008
049 _aMAIN
090 _aSF380.73
_bGOA
245 1 0 _aGoat production and markerting :
_bbaseline information for semi-arid Zimbabwe /
_cSabine Homann... [et al.]
260 _aBulawayo :
_bInternational Crops Research Institute for Semi-Arid Tropics,
_c2007.
300 _a77 p. :
_bill. ;
_c28 cm.
500 _aIncludes bibliographical references.
650 _aBaseline information for semi-arid Zimbabwe.
650 _aGoat production and markerting.
700 _aNengomasha, Zivayi.
700 _aMoyo, Thina
700 _aRooyen, van Andre
907 _a.b10271296
_b16-10-14
_c10-11-09
003
005 20230123122054.0
040 _cNUST
942 _cBOOKS
_kSF380.73
_mGOA
999 _c127304
_d127304